Adam's outline of orthopaedics / (Record no. 8700)
[ view plain ]
| 000 -LEADER | |
|---|---|
| fixed length control field | 00933nam a22002652 4500 |
| 001 - CONTROL NUMBER | |
| control field | 0000018889 |
| 005 - DATE AND TIME OF LATEST TRANSACTION | |
| control field | 20151217152139.0 |
| 008 - FIXED-LENGTH DATA ELEMENTS--GENERAL INFORMATION | |
| fixed length control field | 100811s xx 000 0 eng d |
| 020 ## - INTERNATIONAL STANDARD BOOK NUMBER | |
| International Standard Book Number | 0702030604 : |
| 040 ## - CATALOGING SOURCE | |
| Original cataloging agency | KABU |
| Transcribing agency | KABU |
| 100 1# - MAIN ENTRY--PERSONAL NAME | |
| Personal name | Hamblen, David L. |
| -- | 0000178339 |
| 245 10 - TITLE STATEMENT | |
| Title | Adam's outline of orthopaedics / |
| Statement of responsibility, etc. | David L. Hamblen, A. Hamish R. W. Simpson. |
| 250 ## - EDITION STATEMENT | |
| Edition statement | 14th ed. |
| 260 ## - PUBLICATION, DISTRIBUTION, ETC. (IMPRINT) | |
| Place of publication, distribution, etc. | London : |
| Name of publisher, distributor, etc. | Churchill Livingstone, |
| Date of publication, distribution, etc. | 2010. |
| 300 ## - PHYSICAL DESCRIPTION | |
| Extent | viii, 485 p. |
| 650 #0 - SUBJECT ADDED ENTRY--TOPICAL TERM | |
| Topical term or geographic name as entry element | Orthopedics. |
| -- | 0000178340 |
| 650 #0 - SUBJECT ADDED ENTRY--TOPICAL TERM | |
| Topical term or geographic name as entry element | Orthopedics procedures. |
| -- | 0000178341 |
| 700 1# - ADDED ENTRY--PERSONAL NAME | |
| Personal name | Simpson, A. Hamish R. W. |
| -- | 0000178342 |
| 852 1# - LOCATION | |
| -- | p2250 KES |
| 852 1# - LOCATION | |
| -- | p2250 KES |
| 852 1# - LOCATION | |
| -- | p2250 KES |
| 852 1# - LOCATION | |
| -- | p7109 KES |
| 908 ## - PUT COMMAND PARAMETER (RLIN) | |
| Put command parameter | 100811 |
| 950 ## - LOCAL HOLDINGS (RLIN) | |
| -- | 1 |
| Withdrawn status | Lost status | Source of classification or shelving scheme | Not for loan | Home library | Current library | Date acquired | Total Checkouts | Total Renewals | Full call number | Barcode | Date last seen | Date last checked out | Price effective from | Koha item type | Cost, normal purchase price | Inventory number | Copy number |
|---|---|---|---|---|---|---|---|---|---|---|---|---|---|---|---|---|---|
| Library of Congress Classification | Kabarak, Main Campus | Kabarak, Main Campus | 17/12/2015 | 7 | 1 | RD731 .H36 2010 C. 1 | 24550 | 12/10/2025 | 29/09/2025 | 17/12/2015 | General Collection | ||||||
| Library of Congress Classification | Kabarak, Main Campus | Kabarak, Main Campus | 17/12/2015 | 4 | 1 | RD731 .H36 2010 C. 2 | 24551 | 03/11/2025 | 16/10/2025 | 17/12/2015 | General Collection | ||||||
| Library of Congress Classification | Kabarak, Main Campus | Kabarak, Main Campus | 17/12/2015 | 5 | RD731 .H36 2010 C. 3 | 24555 | 07/07/2021 | 21/06/2021 | 17/12/2015 | General Collection | |||||||
| Library of Congress Classification | Kabarak, Main Campus | Kabarak, Main Campus | 17/12/2015 | 7 | RD731 .H36 2010 C. 4 | 016105 | 21/06/2022 | 07/06/2022 | 17/12/2015 | General Collection | |||||||
| Library of Congress Classification | Kabarak, Main Campus | Kabarak, Main Campus | 20/03/2018 | 3 | RD731 .H36 2010 C. 5 | 024322 | 01/02/2020 | 16/01/2020 | 20/03/2018 | General Collection | 3330.00 | 2018/0463 | C. 5 | ||||
| Library of Congress Classification | Kabarak, Main Campus | Kabarak, Main Campus | 20/03/2018 | 13 | 1 | RD731 .H36 2010 C. 6 | 024324 | 11/06/2024 | 26/05/2024 | 20/03/2018 | General Collection | 3330.00 | 2018/0462 | C. 6 | |||
| Library of Congress Classification | Kabarak, Main Campus | Kabarak, Main Campus | 23/03/2018 | 5 | 1 | RD731 .H36 2010 C. 7 | 024325 | 22/07/2021 | 22/07/2021 | 23/03/2018 | General Collection | 3330.00 | 2018/0464 | C. 7 | |||
| Library of Congress Classification | Kabarak, Main Campus | Kabarak, Main Campus | 17/12/2015 | 5 | RD731 .H36 2010 c. 8 | 024457 | 08/01/2025 | 27/06/2022 | 17/12/2015 | General Collection | 3330.00 | ||||||
| Library of Congress Classification | Kabarak, Main Campus | Kabarak, Main Campus | 17/12/2015 | 4 | 2 | RD731 .H36 2010 c. 9 | 024434 | 06/02/2023 | 06/02/2023 | 17/12/2015 | General Collection | 3330.00 |